000 00636nam a2200229Ia 4500
003 OSt
005 20220923213622.0
006 a|||||r|||| 00| 0
007 ta
008 220922b |||||||| |||| 00| 0 hin d
024 _a163,533
037 _cTextual
040 _aARTS
_cARTS
_bhin
041 _2hin
_ahin
082 _aO152:1N111x, J4
100 _aसिंह, आरसी प्रसाद
_9158683
245 0 _aप्रेम गीत
246 _aPrem gīta
260 _c1954
942 _hO152:1N111x, J4
_cTEXL
_2CC
999 _c318013
_d318013